Loading...
| History - American | 0 | 9 | 2 | 1 | 80 | 23 | 53.78 | 1 | 8 | 42.81 | 47.92 |
| Religion | 0 | 6 | 0 | 4 | 60 | 72 | 102.50 | 0 | 2 | 6.19 | 17.08 |
| History - Other | 0 | 6 | 2 | 0 | 50 | 34 | 74.67 | 0 | 5 | 19.90 | 29.58 |
| History - World | 0 | 5 | 1 | 0 | 45 | 31 | 70.80 | 2 | 4 | 19.18 | 30.00 |
| History - European | 0 | 5 | 2 | 1 | 40 | 15 | 42.80 | 1 | 5 | 27.43 | 30.00 |
| Philosophy | 0 | 4 | 0 | 2 | 40 | 79 | 102.00 | 0 | 2 | 5.96 | 13.75 |
| Fine Arts - Classical Music | 0 | 3 | 0 | 0 | 30 | 69 | 85.67 | 0 | 3 | 7.76 | 12.50 |
| Literature - European | 0 | 2 | 0 | 1 | 20 | 121 | 134.00 | 0 | 1 | 1.19 | 5.00 |
| Mythology | 0 | 2 | 0 | 1 | 20 | 106 | 118.00 | 0 | 0 | 2.04 | 3.33 |
| Literature - American | 0 | 2 | 0 | 0 | 20 | 49 | 84.50 | 0 | 0 | 7.39 | 5.00 |
| Literature - World | 0 | 2 | 0 | 1 | 20 | 118 | 120.50 | 0 | 0 | 1.57 | 3.33 |
| Current Events | 0 | 1 | 0 | 0 | 10 | 28 | 28.00 | 1 | 1 | 26.04 | 33.33 |
| Fine Arts - Painting and Sculpture | 0 | 1 | 0 | 0 | 10 | 48 | 48.00 | 0 | 1 | 5.05 | 6.25 |
| Science - Other | 0 | 1 | 0 | 0 | 10 | 104 | 104.00 | 0 | 1 | 2.10 | 1.67 |
| Social Science | 0 | 1 | 2 | 0 | 0 | 33 | 33.00 | 0 | 1 | 5.76 | 5.00 |
| Geography | 0 | 0 | 1 | 0 | -5 | 0.00 | 0 | 0 | 0.00 | 0.00 | |
| Fine Arts - Other | 0 | 0 | 2 | 0 | -10 | 0.00 | 0 | 0 | 0.00 | 0.00 |